[Event "Wch U16 Girls"]
[Site "Porto Carras"]
[Date "2010.10.20"]
[Round "1"]
[White "Astrom, Linda"]
[Black "Gagare, Shalmali"]
[Result "0-1"]
[WhiteElo "1823"]
[BlackElo "2110"]
[PlyCount "116"]
[EventDate "2010.10.20"]
[EventType "swiss"]
[EventRounds "11"]
[EventCountry "GRE"]
[SourceTitle "EXT 2011"]
[Source "ChessBase"]
[SourceDate "2010.11.26"]
[SourceVersion "1"]
[SourceVersionDate "2010.11.26"]
[SourceQuality "1"]

1. e4 c5 2. Nf3 g6 3. d4 cxd4 4. Nxd4 Bg7 5. Nc3 Nc6 6. Be3 Nf6 7. Be2 0-0 8. 0-0 d5 9. exd5 Nxd5 10. Nxd5 Qxd5 11. Bf3 Qc4 12. Be2 Qb4 13. Nxc6 bxc6 14. Bf3 Ba6 15. Be2 Rfd8 16. Qe1 Qxe1 17. Rfxe1 Bxe2 18. Rxe2 Bxb2 19. Rb1 Bc3 20. h3 Rd7 21. Rb3 Rd1+ 22. Kh2 Be5+ 23. g3 Bd6 24. c4 c5 25. Rb5 Rc8 26. Ra5 Rc7 27. Rb2 Rd3 28. Rbb5 Rc3 29. Bxc5 Bxc5 30. Rxc5 Rxc5 31. Rxc5 Ra3 32. Rc7 e6 33. c5 Rxa2 34. Kg2 Rc2 35. Rxa7 Rxc5 36. Ra3 h5 37. Ra4 Kg7 38. Rb4 Kf6 39. Ra4 e5 40. Kf3 Kf5 41. g4+ Kg5 42. Re4 f5 43. h4+ Kf6 44. g5+ Ke6 45. Ra4 e4+ 46. Kf4 Rc3 47. Ra6+ Kd5 48. Ra5+ Kd4 49. Ra4+ Kd3 50. Ra6 Ke2 51. Ra2+ Kf1 52. Ke5 Rc6 53. Kf4 Kg2 54. f3+ Kh3 55. fxe4 fxe4 56. Rf2 Rc5 57. Kxe4 Kxh4 58. Ra2 Rf5 0-1

[Event "EU-chT U18 Girls 10th"]
[Site "Pardubice"]
[Date "2010.07.16"]
[Round "2.3"]
[White "Astrom, Linda"]
[Black "Adamowicz, Katarzyna"]
[Result "0-1"]
[WhiteElo "1781"]
[BlackElo "2123"]
[PlyCount "62"]
[EventDate "2010.07.15"]
[EventType "team-swiss"]
[EventRounds "7"]
[EventCountry "CZE"]
[SourceTitle "EXT 2020"]
[Source "ChessBase"]
[SourceDate "2019.10.17"]
[SourceVersion "1"]
[SourceVersionDate "2019.10.17"]
[SourceQuality "1"]
[WhiteTeam "Sweden U18 (W)"]
[BlackTeam "Poland U18 (W)"]
[WhiteTeamCountry "SWE"]
[BlackTeamCountry "POL"]

1. e4 c5 2. Nf3 d6 3. d4 cxd4 4. Nxd4 Nf6 5. Nc3 a6 6. Be3 e5 7. Nf3 Be7 8. Bc4 0-0 9. 0-0 Bg4 10. h3 Bh5 11. Bg5 Nbd7 12. g4 Bg6 13. Re1 b5 14. Bb3 Nc5 15. Bxf6 Bxf6 16. Qd5 b4 17. Na4 Ne6 18. Kh2 Nf4 19. Qd2 h5 20. Qxb4 hxg4 21. hxg4 Qd7 22. Rg1 Rab8 23. Qe1 Bh5 24. Rg3 Bxg4 25. Nc3 Bxf3 26. Rxf3 Qg4 27. Qh1 Bh4 28. Nd5 Nxd5 29. Bxd5 Rxb2 30. Rc1 Bg5 31. Rg1 Bf4+ 0-1

[Event "Politiken Cup 31st"]
[Site "Helsingor"]
[Date "2009.07.23"]
[Round "7"]
[White "Astrom, Linda"]
[Black "Nielsen, Palle"]
[Result "0-1"]
[WhiteElo "1689"]
[BlackElo "1877"]
[PlyCount "118"]
[EventDate "2009.07.18"]
[EventType "swiss"]
[EventRounds "10"]
[EventCountry "DEN"]
[SourceTitle "CBM 131 Extra"]
[Source "ChessBase"]
[SourceDate "2009.09.03"]
[SourceVersion "2"]
[SourceVersionDate "2009.09.16"]
[SourceQuality "1"]

1. e4 e5 2. Nf3 Nc6 3. Bc4 d6 4. d4 exd4 5. Nxd4 Ne5 6. Be2 Bd7 7. 0-0 Nf6 8. Re1 Be7 9. Nc3 h6 10. f4 Nc6 11. Bf3 Rb8 12. e5 dxe5 13. fxe5 Ng8 14. Bh5 Nxd4 15. Qxd4 Be6 16. Qxa7 Qc8 17. Qa4+ c6 18. Bf4 Bc5+ 19. Be3 Bxe3+ 20. Rxe3 Ne7 21. Ne4 0-0 22. Nd6 Qc7 23. Bg4 b5 24. Qe4 Bd5 25. Qd3 Ng6 26. Qf5 Nh4 27. Qf2 Ng6 28. Qg3 Rbd8 29. Nf5 Qa7 30. Bh5 Kh7 31. Kh1 Be6 32. Bxg6+ fxg6 33. Nd6 Qd4 34. Rc3 Rf4 35. Qe3 Qxe3 36. Rxe3 Rdf8 37. Rg1 Rf2 38. Rc3 Bd5 39. h3 Re2 40. a3 Rxe5 41. Rd3 Re2 42. b4 Rxc2 43. Kh2 Rff2 44. Rg3 Rce2 45. Nb7 Rf3 46. Rxf3 Bxf3 47. Kg3 Bd5 48. Kf4 Re4+ 49. Kg3 Re3+ 50. Kf4 Rxa3 51. Ke5 Rb3 52. Na5 Rxb4 53. Kd6 Rb2 54. Nxc6 Bxg2 55. h4 Rd2+ 56. Kc5 Rc2+ 57. Kxb5 Bxc6+ 58. Kb4 Rh2 59. Rg4 Bd7 0-1

[Event "Politiken Cup 31st"]
[Site "Helsingor"]
[Date "2009.07.19"]
[Round "2"]
[White "Johansen, Johnny Holler"]
[Black "Astrom, Linda"]
[Result "1-0"]
[WhiteElo "1968"]
[BlackElo "1689"]
[PlyCount "51"]
[EventDate "2009.07.18"]
[EventType "swiss"]
[EventRounds "10"]
[EventCountry "DEN"]
[SourceTitle "CBM 131 Extra"]
[Source "ChessBase"]
[SourceDate "2009.09.03"]
[SourceVersion "2"]
[SourceVersionDate "2009.09.16"]
[SourceQuality "1"]

1. e4 c5 2. Nf3 d6 3. d4 cxd4 4. Nxd4 Nf6 5. Nc3 g6 6. Bc4 Bg7 7. Be3 Nc6 8. Qd2 Ng4 9. Nxc6 bxc6 10. Bg5 0-0 11. Bb3 c5 12. Nd5 Re8 13. c3 Be6 14. h3 Nf6 15. Bxf6 Bxf6 16. Nxf6+ exf6 17. 0-0 Bxb3 18. axb3 Rxe4 19. Rfd1 Re6 20. Ra6 Rb8 21. Rxa7 Rxb3 22. Rda1 Rb8 23. Qd5 Qe8 24. Kh2 Re1 25. Rxe1 Qxe1 26. Qxf7+ 1-0

[Event "Wch U14 Girls"]
[Site "Vung Tau"]
[Date "2008.10.26"]
[Round "7"]
[White "Astrom, Linda"]
[Black "Fransson, Angelina"]
[Result "0-1"]
[WhiteElo "1678"]
[BlackElo "1835"]
[PlyCount "82"]
[EventDate "2008.10.20"]
[EventType "swiss"]
[EventRounds "11"]
[EventCountry "VIE"]
[SourceTitle "EXT 2009"]
[Source "ChessBase"]
[SourceDate "2008.11.26"]
[SourceVersion "1"]
[SourceVersionDate "2008.11.26"]
[SourceQuality "1"]

1. e4 c5 2. Nf3 d6 3. d4 cxd4 4. Nxd4 Nf6 5. Nc3 e6 6. Be2 a6 7. Be3 Be7 8. f4 0-0 9. 0-0 Nc6 10. a4 Qc7 11. Kh1 Rd8 12. Bf3 Ne5 13. Ndb5 axb5 14. Nxb5 Qc4 15. b3 Qc6 16. fxe5 dxe5 17. Qe1 Bd7 18. c3 Be8 19. Qb1 b6 20. Ra2 Qb7 21. Na3 Bc6 22. Nc4 Nd7 23. Rd2 Rf8 24. Qc2 Rac8 25. a5 bxa5 26. Nxa5 Qb5 27. Nxc6 Qxf1+ 28. Bg1 Rxc6 29. Rxd7 Bc5 30. Rd1 Qb5 31. Be2 Qb6 32. Bxc5 Qxc5 33. Bc4 Rc7 34. Ra1 Ra7 35. Rxa7 Qxa7 36. h3 g6 37. Bb5 Rc8 38. Ba4 Qc5 39. c4 Rc7 40. Kh2 f5 41. Bb5 Qxb5 0-1

[Event "Nordic-ch U20 Girls"]
[Site "Haraldsheim"]
[Date "2008.04.18"]
[Round "1"]
[White "Hagberg, Marie Thin"]
[Black "Astrom, Linda"]
[Result "0-1"]
[WhiteElo "1321"]
[BlackElo "1684"]
[PlyCount "106"]
[EventDate "2008.04.18"]
[EventType "team-tourn"]
[EventRounds "9"]
[EventCountry "NOR"]
[SourceTitle "CBM 123 Extra"]
[Source "ChessBase"]
[SourceDate "2008.05.06"]
[SourceVersion "1"]
[SourceVersionDate "2008.05.06"]
[SourceQuality "1"]

1. d4 d5 2. Bf4 Nf6 3. e3 c5 4. c3 Nc6 5. Nf3 Qb6 6. Qb3 c4 7. Qxb6 axb6 8. Nbd2 b5 9. a3 b4 10. cxb4 Nxb4 11. Rc1 Nc6 12. Be2 Bf5 13. h3 e6 14. 0-0 b5 15. Ra1 Be7 16. Rfc1 0-0 17. Bd1 Ra7 18. g4 Bg6 19. Nh4 Bd3 20. Nhf3 Rfa8 21. Ne1 Bg6 22. Nef3 h6 23. Kh2 Bh7 24. Kg1 Nb4 25. Ne1 Nd3 26. Nxd3 Bxd3 27. Nf3 Ra6 28. Ne5 Bh7 29. f3 Bd6 30. Bh2 Kf8 31. Kg2 Bxe5 32. Bxe5 Nd7 33. Bh2 b4 34. a4 b3 35. Rc3 Rxa4 36. Rxa4 Rxa4 37. Bxb3 Ra6 38. Bc2 Bxc2 39. Rxc2 Ra2 40. Bd6+ Kg8 41. Bc7 Ra7 42. Bd6 Rb7 43. e4 Nb6 44. Ba3 Na4 45. Kf2 Rb3 46. Bd6 Nxb2 47. Kg3 dxe4 48. Rf2 c3 49. Be5 Nd3 50. Rf1 exf3 51. Kxf3 c2 52. Bf4 Nxf4+ 53. Kxf4 Rb1 0-1